True and Particular Relation of the Dreadful Earthquake which happen'd At Lima, the Capital of Peru, and the neighbouring Port of Callao, On the 28th of October, 1746. With an Account likewife of every Thing material that paffed there afterwards to the End of November following. Published at Lima by Command of the Viceroy, and translated from the Original Spanish, By a gentleman who refided many Years in those countries. To wich is added, A Description of Callao and Lima before their Destruction; and of the Kingdom of Peru in general, with its Inhabitants; setting forth their Manners, Customs, Religion, Government, Commerce, &c. Interspersed with Passages of Natural History and physiological Disquisitions; particularly an Enquiry into the Cause of Earthquakes. The whole illustrated with A map of the Country about Lima, Plans of the Road and Town of Callao, another of Lima; and several Cuts of Natives, drawn on the Spot by the translator.
Kaydedildi:
| Müşterek Yazar: | |
|---|---|
| Materyal Türü: | Kitap |
| Dil: | İngilizce |
| Baskı/Yayın Bilgisi: |
Londres
T. Osborne
1748
|
| Edisyon: | 2a. ed |
| Konular: | |
| Etiketler: |
Etiketle
Etiket eklenmemiş, İlk siz ekleyin!
|
MARC
| LEADER | 00000nam a2200000 a 4500 | ||
|---|---|---|---|
| 001 | UCJ8142 | ||
| 003 | CL-VaPUC | ||
| 008 | 070124e17480000UK |||||||||||||||||eng|d | ||
| 082 | 0 | 4 | |a 910.4 |b MAN |2 21 |
| 110 | 2 | |a Manso de Velasco, José Antonio |e author |9 516834 | |
| 245 | 1 | 0 | |a True and Particular Relation of the Dreadful Earthquake which happen'd At Lima, the Capital of Peru, and the neighbouring Port of Callao, On the 28th of October, 1746. With an Account likewife of every Thing material that paffed there afterwards to the End of November following. Published at Lima by Command of the Viceroy, and translated from the Original Spanish, By a gentleman who refided many Years in those countries. To wich is added, A Description of Callao and Lima before their Destruction; and of the Kingdom of Peru in general, with its Inhabitants; setting forth their Manners, Customs, Religion, Government, Commerce, &c. Interspersed with Passages of Natural History and physiological Disquisitions; particularly an Enquiry into the Cause of Earthquakes. The whole illustrated with A map of the Country about Lima, Plans of the Road and Town of Callao, another of Lima; and several Cuts of Natives, drawn on the Spot by the translator. |
| 250 | |a 2a. ed | ||
| 300 | |a xxiii, 341 p | ||
| 942 | |c BK | ||
| 945 | |d 20070124 00:00:00 |a rinostro | ||
| 260 | |a Londres |b T. Osborne |c 1748 | ||
| 500 | |a 8§, media pasta.- Apostillado.- Ilustraciones y mapas conforme con lo señalado en la portada | ||
| 600 | 0 | 7 | |a JOHNSON, HENRY |2 CL-VaPUC |9 516835 |
| 650 | 0 | |a Historia del Perú |9 430972 | |
| 650 | 0 | |a Viajes |9 257115 | |
| 650 | 0 | |a Terremotos |9 267728 | |
| 650 | 0 | |a Población |9 257577 | |
| 650 | 0 | |a Cultura |9 269059 | |
| 650 | 0 | |a Comercio |9 255341 | |
| 650 | 0 | |a Gobierno |9 255508 | |
| 650 | 0 | |a Iglesia Católica |9 256114 | |
| 650 | 0 | |a Ilustraciones |9 369481 | |
| 650 | 0 | |a Mapas |9 260844 | |
| 651 | 7 | |a LIMA |2 CL-VaPUC |9 350186 | |
| 651 | 7 | |a CALLAO |2 CL-VaPUC |9 443682 | |
| 583 | |a last modification |c 20070124 00:00:00 |k Rodrigo Vera | ||
| 999 | |c 323938 |d 323936 | ||
| 952 | |0 0 |1 0 |4 0 |6 910_400000000000000_MAN_1748 |7 0 |8 X |9 403802 |a FDOBUD |b FDOBUD |d 2019-11-22 |i 1073443 |o 910.4 MAN 1748 |p 1073443 |r 2019-11-22 |w 2019-11-22 |y BK_X |k BUD | ||